000 00594nam a2200205 a 4500
005 20220622063557.0
008 090604s2005 ve r 000 0 spa d
020 _a9803882147
035 _aUPN01000170949
049 _aCG
050 4 _aPQ8519 Q5
_bR4.3
100 1 _aQuiroga, Horacio,
_d1878-1937
_929892
245 1 3 _aEl regreso de anaconda /
_cHorario Quiroga.
260 _aCaracas :
_bLos libros de El Nacional,
_cc2005.
300 _a131 p. :
_bil.
440 4 _aArcadia ;
_v32
650 0 _aAnimales
_vCuentos y leyendas
_9234
650 4 _aCUENTOS URUGUAYOS
_910233
905 _aLibro
999 _c143054
_d143054